000 01286cad a22002175a 4500
001 L154916
008 120201s2011 xxk f 000 0 eng d
035 _a(Sirsi) u154916
041 0 _aeng
110 2 _aRoyal Institute of British Architects
_92527
245 0 0 _aFuture homes commission
_bcall for evidence
_h[electronic resource]
260 _a[S.l.]
_bRIBA
_c2011
520 _aThe Future Homes Commission has been tasked with conducting an inquiry into the quality of newly built housing with the aim of understanding how people live today, what they need and expect from their homes and whether the design and delivery of new homes is fit for purpose. The Future Homes Commission will make recommendations to government, the housebuilding industry, architects and the RIBA and is expected to issue its final report in the autumn of 2012. The deadline for responses is Friday 23 March 2012.
521 _aAdvanced
590 _aKA NTK
651 4 _aUnited Kingdom
_y
690 _aDesign and specification
690 _aResidential property
_96266
856 4 0 _uhttps://www.architecture.com/HomeWise/FutureHomesCommission/FutureHomesCommission.aspx
_zView the PDF for the full consultation questions and instructions on how to respond here www.architecture.com
942 _n0
999 _c113232
_d113232